000 00472nam a2200169 i 4500
001 133546
003 ES-MaACL
005 20230906194438.0
007 t|
008 070820q18001899pl ||||1| pol d
100 1 _aSternbach, Leo.
_9108132
245 1 0 _aExcerpta vaticana /
_c[Leo Sternbach].
260 _a[Cracoviae? :
_bs.n.,
_c18-?]
300 _a31 p. ;
_c22 cm.
500 _aEjemplar sin portada.
852 _aES-MaACL
_jT-838-F-6
_z.- Enc. en un vol. facticio
999 _c133546
_d133546